000 00265nam a2200109Ia 4500
008 240625s9999 xx 000 0 und d
041 _aeng
082 _a658.7 SIM
100 _aSIMCHI LEVI DAVID
245 _aDESIGNING AND MANAGING THE SUPPLY CHAIN
260 _c2008
999 _c35044
_d35044